[Event "DVM U16 2020"]
[Site "Willingen GER"]
[Date "2021.06.25"]
[Round "4"]
[White "John, Niklas"]
[Black "Rempe, Jonas"]
[Result "0-1"]
[Termination "normal"]
[Board "8.2"]
[WhiteElo "1521"]
[BlackElo "1957"]
[WhiteClock "00:44:59"]
[BlackClock "01:01:41"]
[WhiteTeam "Schachklub Münster 32 e. V."]
[BlackTeam "SK Doppelbauer Kiel"]
[PlyCount "78"]
[WhiteFideId "16234626"]
[BlackFideId "16202406"]
[EventCountry "GER"]
[EventRounds "7"]
[EventType "team-swiss"]
[EventDate "2021.06.23"]

1. e4 {[%clk 1:30:56]} 1... e5 {[%clk 1:30:55]} 2. Nf3 {[%clk 1:31:19]} 2...
Nc6 {[%clk 1:31:20]} 3. Bc4 {[%clk 1:31:38]} 3... Nf6 4. d3 {[%clk 1:31:52]}
4... Be7 {[%clk 1:32:11]} 5. O-O {[%clk 1:31:50]} 5... d6 {[%clk 1:32:35]} 6.
Re1 {[%clk 1:31:38]} 6... O-O {[%clk 1:32:01]} 7. a4 {[%clk 1:31:16]} 7... Be6
{[%clk 1:32:19]} 8. Ba2 {[%clk 1:30:45]} 8... Nb4 {[%clk 1:23:00]} 9. Bxe6 {
[%clk 1:29:18]} 9... fxe6 {[%clk 1:22:27]} 10. c3 {[%clk 1:29:22]} 10... Nc6 {
[%clk 1:21:57]} 11. Na3 {[%clk 1:27:24]} 11... d5 {[%clk 1:14:56]} 12. exd5 {
[%clk 1:26:15]} 12... exd5 {[%clk 1:04:15]} 13. Nxe5 {[%clk 1:23:58]} 13...
Nxe5 {[%clk 1:04:38]} 14. Rxe5 {[%clk 1:24:15]} 14... Bd6 {[%clk 1:05:05]} 15.
Re1 {[%clk 1:23:23]} 15... Qd7 {[%clk 1:04:27]} 16. Nb5 {[%clk 1:20:54]} 16...
Ng4 {[%clk 1:02:54]} 17. Nxd6 {[%clk 1:17:39]} 17... Nxf2 {[%clk 1:03:16]} 18.
Qe2 {[%clk 1:11:11]} 18... Qxd6 {[%clk 1:03:35]} 19. Qe6+ {[%clk 1:10:12]}
19... Qxe6 {[%clk 1:03:58]} 20. Rxe6 {[%clk 1:10:36]} 20... Nxd3 { [%clk
1:04:20]} 21. b4 {[%clk 1:08:09]} 21... Rae8 {[%clk 1:03:56]} 22. Re3 { [%clk
1:04:03]} 22... Ne5 {[%clk 0:59:20]} 23. Bd2 {[%clk 0:56:35]} 23... Nc4 { [%clk
0:58:27]} 24. Rxe8 {[%clk 0:55:28]} 24... Rxe8 {[%clk 0:58:51]} 25. Re1 { [%clk
0:54:27]} 25... Rxe1+ {[%clk 0:57:42]} 26. Bxe1 {[%clk 0:54:51]} 26... Kf7
{[%clk 0:58:08]} 27. Kf2 {[%clk 0:54:09]} 27... Nb2 {[%clk 0:58:33]} 28. a5
{[%clk 0:53:54]} 28... Nd3+ {[%clk 0:58:58]} 29. Ke2 {[%clk 0:54:12]} 29...
Nxe1 {[%clk 0:59:23]} 30. Kxe1 {[%clk 0:54:32]} 30... b6 {[%clk 0:59:40]} 31.
Ke2 {[%clk 0:53:03]} 31... bxa5 {[%clk 0:59:58]} 32. bxa5 {[%clk 0:53:15]}
32... Ke6 {[%clk 1:00:23]} 33. Ke3 {[%clk 0:52:19]} 33... Kd6 {[%clk 1:00:48]}
34. h4 {[%clk 0:49:43]} 34... Kc5 {[%clk 1:00:58]} 35. h5 {[%clk 0:48:02]}
35... Kc4 {[%clk 1:01:05]} 36. Kd2 {[%clk 0:47:08]} 36... Kb5 {[%clk 1:01:08]}
37. Kd3 {[%clk 0:47:08]} 37... c5 {[%clk 1:00:49]} 38. g4 {[%clk 0:45:17]}
38... Kxa5 {[%clk 1:01:15]} 39. g5 {[%clk 0:44:59]} 39... Kb5 {[%clk 1:01:41]}
0-1

[Event "DVM U16 2020"]
[Site "Willingen GER"]
[Date "2021.06.25"]
[Round "4"]
[White "Steinbach, Julian"]
[Black "Tenbosch, Till Theo"]
[Result "1-0"]
[Termination "normal"]
[Board "8.3"]
[WhiteElo "1704"]
[BlackElo "1307"]
[WhiteClock "00:49:06"]
[BlackClock "00:09:53"]
[WhiteTeam "SK Doppelbauer Kiel"]
[BlackTeam "Schachklub Münster 32 e. V."]
[PlyCount "67"]
[WhiteFideId "16247973"]
[BlackFideId "16255461"]
[EventCountry "GER"]
[EventRounds "7"]
[EventType "team-swiss"]
[EventDate "2021.06.23"]

1. e4 1... c6 {[%clk 1:30:55]} 2. d4 {[%clk 1:31:00]} 2... d5 {[%clk 1:31:20]}
3. Nc3 {[%clk 1:31:18]} 3... dxe4 {[%clk 1:31:38]} 4. Nxe4 {[%clk 1:31:29]}
4... Nf6 {[%clk 1:31:41]} 5. Nxf6+ {[%clk 1:31:42]} 5... exf6 {[%clk 1:32:04]}
6. Nf3 {[%clk 1:31:30]} 6... Bd6 {[%clk 1:32:25]} 7. Bd3 {[%clk 1:31:14]} 7...
O-O 8. O-O {[%clk 1:30:39]} 8... Bg4 {[%clk 1:27:16]} 9. c3 9... Nd7 { [%clk
1:27:01]} 10. h3 {[%clk 1:28:26]} 10... Bh5 {[%clk 1:26:12]} 11. Be4 { [%clk
1:27:24]} 11... Kh8 {[%clk 1:22:07]} 12. Qc2 Bg6 13. Bxg6 {[%clk 1:27:00] }
13... fxg6 {[%clk 1:11:40]} 14. Re1 {[%clk 1:26:27]} 14... f5 15. Qb3 { [%clk
1:20:56]} 15... Rb8 {[%clk 1:04:17]} 16. Ng5 16... Qf6 {[%clk 0:56:13]} 17. Re6
{[%clk 1:21:11]} 17... Rbe8 18. Be3 {[%clk 1:14:17]} 18... Rxe6 { [%clk
0:54:58]} 19. Nxe6 {[%clk 1:13:59]} 19... Re8 {[%clk 0:54:40]} 20. Nc5 { [%clk
1:12:43]} 20... Bxc5 {[%clk 0:46:33]} 21. dxc5 {[%clk 1:10:22]} 21... Rb8
{[%clk 0:45:48]} 22. Rd1 {[%clk 1:01:33]} 22... Qe7 23. Qc4 23... Nf6 { [%clk
0:34:16]} 24. Bg5 {[%clk 0:58:12]} 24... Rd8 {[%clk 0:28:54]} 25. Rxd8+ { [%clk
0:57:25]} 25... Qxd8 {[%clk 0:29:14]} 26. Qf7 {[%clk 0:56:49]} 26... Qe8 {[%clk
0:20:38]} 27. Qxb7 {[%clk 0:57:18]} 27... Qe1+ {[%clk 0:19:53]} 28. Kh2 {[%clk
0:56:37]} 28... Qxf2 29. Qxc6 {[%clk 0:55:27]} 29... h6 {[%clk 0:11:19]} 30.
Bxf6 30... gxf6 {[%clk 0:09:59]} 31. Qxf6+ {[%clk 0:55:34]} 31... Kh7 32. Qe5
{[%clk 0:49:09]} 32... f4 {[%clk 0:09:46]} 33. c6 {[%clk 0:49:06]} 33... Qg3+
{[%clk 0:09:53]} 34. Kg1 1-0

[Event "DVM U16 2020"]
[Site "Willingen GER"]
[Date "2021.06.25"]
[Round "4"]
[White "Zamhöfer, Luca"]
[Black "Kravtsov, Maksim"]
[Result "1-0"]
[Termination "normal"]
[Board "9.2"]
[WhiteElo "1766"]
[BlackElo "1805"]
[WhiteTeam "Schachfreunde Essen-Katernberg"]
[BlackTeam "Karlsruher SF 1853"]
[PlyCount "114"]
[WhiteFideId "16216040"]
[BlackFideId "54173868"]
[EventCountry "GER"]
[EventRounds "7"]
[EventType "team-swiss"]
[EventDate "2021.06.23"]

1. e4 e6 2. d4 d5 3. Nd2 dxe4 4. Nxe4 Bd7 5. Nf3 Be7 6. Bc4 Bc6 7. Qe2 Nf6 8.
Nxf6+ Bxf6 9. Be3 Nd7 10. O-O Nb6 11. Bb3 O-O 12. c3 Nd5 13. Bc2 b5 14. Ne5
Bxe5 15. dxe5 Nxe3 16. Qxe3 Qe7 17. f4 Rfe8 18. Rae1 f5 19. exf6 gxf6 20. Bb3
Kh8 21. Bxe6 Bd7 22. f5 Bxe6 23. fxe6 Rad8 24. Qf4 Rf8 25. h3 c5 26. Qe3 Rg8
27. Rd1 Rde8 28. Rfe1 Qg7 29. Re2 Re7 30. Qxc5 Rxe6 31. Rde1 Re5 32. Qf2 Rg5
33. Rf1 Rg6 34. Qf3 Rf8 35. Ref2 Rg3 36. Qf5 Rg5 37. Qf4 h6 38. Rd1 Rg8 39.
Rdd2 Kh7 40. Qd4 Rf8 41. a4 bxa4 42. Qxa4 Rf7 43. Qd4 Qg6 44. Qd3 f5 45. b4 Qb6
46. Qd4 Qxd4 47. Rxd4 Rg3 48. Rc2 Rc7 49. c4 Rb3 50. c5 a6 51. Rcc4 Kg7 52. c6
Re3 53. Rd5 Kf6 54. Ra5 Re2 55. Rxa6 Rg7 56. c7+ Ke5 57. g4 Rd7 1-0

[Event "DVM U16 2020"]
[Site "Willingen GER"]
[Date "2021.06.25"]
[Round "4"]
[White "Borodaev, Roman"]
[Black "Berresheim, Nils"]
[Result "1-0"]
[Termination "normal"]
[Board "9.3"]
[WhiteElo "1657"]
[BlackElo "1588"]
[WhiteTeam "Karlsruher SF 1853"]
[BlackTeam "Schachfreunde Essen-Katernberg"]
[PlyCount "89"]
[WhiteFideId "16274881"]
[BlackFideId "16246306"]
[EventCountry "GER"]
[EventRounds "7"]
[EventType "team-swiss"]
[EventDate "2021.06.23"]

1. e4 c5 2. Nf3 d6 3. d4 cxd4 4. Qxd4 Nf6 5. Be2 Nc6 6. Qe3 a6 7. O-O g6 8. Rd1
Qc7 9. Nc3 Bg7 10. Qf4 O-O 11. Nd5 Nxd5 12. exd5 Ne5 13. c3 Ng4 14. h3 Nf6 15.
Qh4 b5 16. Ng5 h6 17. Nf3 h5 18. c4 bxc4 19. Qxc4 Qxc4 20. Bxc4 Bb7 21. Rb1
Rfc8 22. b3 Ne4 23. Bb2 a5 24. Bxg7 Kxg7 25. Rbc1 a4 26. Re1 f5 27. Ng5 Kf6 28.
Nxe4+ fxe4 29. Rcd1 Ra5 30. Rxe4 Ba6 31. b4 Bxc4 32. bxa5 Bxa2 33. Rde1 Bb3 34.
Rxe7 a3 35. R7e6+ Kf7 36. Rxd6 a2 37. a6 Re8 38. Ra1 Ra8 39. Re1 Ra7 40. Rb6
Bxd5 41. Ra1 Kg7 42. Rxa2 Ra8 43. Rd2 Bc4 44. Rd7+ Kh6 45. a7 1-0

[Event "DVM U16 2020"]
[Site "Willingen GER"]
[Date "2021.06.25"]
[Round "4"]
[White "Rasch, Lukas"]
[Black "Gülsen, Sinan Yilmaz"]
[Result "1-0"]
[Termination "normal"]
[Board "9.4"]
[WhiteElo "1591"]
[BlackElo "1357"]
[WhiteTeam "Schachfreunde Essen-Katernberg"]
[BlackTeam "Karlsruher SF 1853"]
[PlyCount "105"]
[WhiteFideId "16272072"]
[BlackFideId "34606017"]
[EventCountry "GER"]
[EventRounds "7"]
[EventType "team-swiss"]
[EventDate "2021.06.23"]

1. c4 e5 2. e3 Nf6 3. a3 c5 4. d3 Nc6 5. Nf3 d6 6. Be2 g6 7. b3 Bg7 8. Bb2 a6
9. Nc3 Bd7 10. O-O O-O 11. Re1 Re8 12. Nd2 Be6 13. Bf3 d5 14. cxd5 Nxd5 15. Nc4
Nxc3 16. Bxc3 Bxc4 17. dxc4 e4 18. Bxg7 Kxg7 19. Be2 Re7 20. Qc2 f5 21. Red1
Rd7 22. Rxd7+ Qxd7 23. Rd1 Qe7 24. Rd5 Rd8 25. Qd2 a5 26. g4 Qf6 27. Kg2 h6 28.
gxf5 gxf5 29. Rd7+ Kg6 30. h4 h5 31. Qd5 Rxd7 32. Qxd7 Qe7 33. Qd5 Ne5 34. Qg8+
Qg7 35. Bxh5+ Kh6+ 36. Qxg7+ Kxg7 37. Be2 Kh6 38. Kg3 Nd3 39. f3 Nc1 40. Bd1
exf3 41. Kxf3 Kg6 42. Bc2 Kf6 43. e4 fxe4+ 44. Kxe4 Ne2 45. Kd5 b6 46. Kd6 Nd4
47. Bd1 Kf5 48. a4 Ke4 49. Kc7 Kd3 50. Kxb6 Nxb3 51. Bxb3 Kc3 52. Kb5 Kxb3 53.
h5 1-0

[Event "DVM U16 2020"]
[Site "Willingen GER"]
[Date "2021.06.25"]
[Round "4"]
[White "Sabirov, Rafael"]
[Black "Geltz, Noah"]
[Result "0-1"]
[Termination "normal"]
[Board "10.1"]
[WhiteElo "1635"]
[BlackElo "2087"]
[WhiteTeam "Schachgemeinschaft Porz e. V."]
[BlackTeam "SF HN-Biberach 1978 e.V."]
[PlyCount "116"]
[WhiteFideId "16241185"]
[BlackFideId "16224256"]
[EventCountry "GER"]
[EventRounds "7"]
[EventType "team-swiss"]
[EventDate "2021.06.23"]

1. e4 c5 2. Nc3 Nc6 3. Bb5 Nd4 4. Bc4 g6 5. Nge2 Bg7 6. O-O e6 7. f4 Ne7 8.
Nxd4 cxd4 9. Ne2 O-O 10. Bb3 d5 11. e5 f6 12. exf6 Bxf6 13. d3 Qd6 14. Qe1 Bd7
15. Qf2 Nc6 16. Bd2 Rae8 17. Qf3 Ne7 18. a3 Bc6 19. Bb4 Qd7 20. Qh3 b6 21. Rae1
a5 22. Bd2 Kh8 23. Ng3 Nf5 24. Nxf5 exf5 25. Qf3 Rxe1 26. Rxe1 Re8 27. Qf2
Rxe1+ 28. Qxe1 Kg7 29. Qe2 Kf8 30. Be1 Qe7 31. Kf2 Qe3+ 32. Qxe3 dxe3+ 33. Kxe3
Bxb2 34. a4 Bc1+ 35. Kd4 Bxf4 36. g3 Bd6 37. Bxd5 Bxa4 38. Bb3 Bd7 39. Kd5 Ke7
40. Bd2 Bc7 41. Be3 Kf7 42. Kc4 a4 43. Ba2 Be6+ 44. Kb4 Bxa2 45. Kxa4 Ke6 46.
c4 Kd7 47. Kb4 Bb1 48. Kc3 Kc6 49. d4 b5 50. d5+ Kd6 51. Bf4+ Kd7 52. Be3 Ba2
53. cxb5 Bxd5 54. Kb4 f4 55. gxf4 Bd6+ 56. Ka5 Ke6 57. b6 Bb7 58. Kb5 Kd5 0-1

[Event "DVM U16 2020"]
[Site "Willingen GER"]
[Date "2021.06.25"]
[Round "4"]
[White "Gerold, Robin"]
[Black "Bolz, Jannis"]
[Result "0-1"]
[Termination "normal"]
[Board "10.2"]
[WhiteElo "1438"]
[BlackElo "1636"]
[WhiteTeam "SF HN-Biberach 1978 e.V."]
[BlackTeam "Schachgemeinschaft Porz e. V."]
[PlyCount "76"]
[WhiteFideId "16235185"]
[BlackFideId "16214897"]
[EventCountry "GER"]
[EventRounds "7"]
[EventType "team-swiss"]
[EventDate "2021.06.23"]

1. d4 Nf6 2. Bf4 g6 3. e3 Bg7 4. Nf3 O-O 5. Be2 d5 6. O-O c5 7. c3 Nc6 8. Nbd2
b6 9. Ne5 Bb7 10. Ng4 Nxg4 11. Bxg4 e5 12. dxe5 Nxe5 13. Be2 Qe7 14. Nf3 Rad8
15. Qc2 Rfe8 16. Nxe5 Bxe5 17. Bxe5 Qxe5 18. Bf3 Re7 19. Rad1 Qg5 20. Rfe1 Re5
21. g3 h5 22. Bg2 Qf6 23. c4 h4 24. Bxd5 Bxd5 25. cxd5 Rexd5 26. Rxd5 Rxd5 27.
e4 Rd4 28. Qe2 h3 29. f4 Qd8 30. Qg4 Rd2 31. Qxh3 Qd4+ 32. Kh1 Qf2 33. Rf1 Qe2
34. g4 Rxb2 35. f5 g5 36. e5 Qxe5 37. f6 Rxa2 38. Qd3 Qxh2# 0-1

[Event "DVM U16 2020"]
[Site "Willingen GER"]
[Date "2021.06.25"]
[Round "4"]
[White "Kogan, Gabriel"]
[Black "Martsfeld, Jonas"]
[Result "0-1"]
[Termination "normal"]
[Board "10.3"]
[WhiteElo "1535"]
[BlackElo "1381"]
[WhiteTeam "Schachgemeinschaft Porz e. V."]
[BlackTeam "SF HN-Biberach 1978 e.V."]
[PlyCount "82"]
[WhiteFideId "16238265"]
[BlackFideId "16255640"]
[EventCountry "GER"]
[EventRounds "7"]
[EventType "team-swiss"]
[EventDate "2021.06.23"]

1. e4 e5 2. Nf3 Nc6 3. Bc4 d6 4. d3 Be6 5. Bxe6 fxe6 6. Ng5 Qe7 7. c3 O-O-O 8.
b4 h6 9. Nf3 g5 10. Qa4 a6 11. Na3 Qd7 12. b5 Na7 13. c4 g4 14. Nh4 d5 15. Ng6
dxc4 16. O-O Rh7 17. Nxe5 Qd4 18. Be3 Qxe5 19. Nxc4 Qxb5 20. Qc2 Kb8 21. Rab1
Qc6 22. Qb3 b5 23. Rfc1 Qe8 24. Ne5 Rd6 25. Bc5 Rdd7 26. Bxf8 Qxf8 27. Nxd7+
Rxd7 28. Qxe6 Rd6 29. Qxg4 Rxd3 30. e5 Rd2 31. Qg3 Ne7 32. e6 Nac6 33. Rd1 Re2
34. Re1 Nd4 35. Rbc1 Nd5 36. e7 Qxe7 37. Qg8+ Ka7 38. Kf1 Rxe1+ 39. Rxe1 Qc5
40. g3 Qc4+ 41. Kg2 Nf4+ 0-1

[Event "DVM U16 2020"]
[Site "Willingen GER"]
[Date "2021.06.25"]
[Round "4"]
[White "Iyengar, Sriram"]
[Black "Laudwein, Jakob"]
[Result "0-1"]
[Termination "normal"]
[Board "10.4"]
[WhiteElo "1208"]
[BlackElo "1559"]
[WhiteTeam "SF HN-Biberach 1978 e.V."]
[BlackTeam "Schachgemeinschaft Porz e. V."]
[PlyCount "70"]
[WhiteFideId "16269110"]
[BlackFideId "16258487"]
[EventCountry "GER"]
[EventRounds "7"]
[EventType "team-swiss"]
[EventDate "2021.06.23"]

1. e4 c5 2. c3 Nf6 3. e5 Nd5 4. d4 cxd4 5. cxd4 Nc6 6. Nf3 a6 7. Bc4 Nb6 8. Bb3
e6 9. O-O d6 10. Nc3 dxe5 11. dxe5 Qc7 12. Qe2 Be7 13. Be3 O-O 14. Rfd1 Na5 15.
Bc2 Nac4 16. Bxb6 Nxb6 17. Rd2 Bd7 18. Rad1 Bc6 19. Nd4 Bd5 20. Qd3 g6 21. Nxd5
Nxd5 22. Bb3 Rfd8 23. Qe4 Nb4 24. h3 Rac8 25. Bxe6 fxe6 26. Qg4 Qb6 27. a3 Nc6
28. Qxe6+ Kf8 29. Qg4 Nxd4 30. Rxd4 Qxb2 31. Rf4+ Ke8 32. e6 Rxd1+ 33. Kh2 Qe5
34. g3 Qe1 35. Kg2 Qh1# 0-1

[Event "DVM U16 2020"]
[Site "Willingen GER"]
[Date "2021.06.26"]
[Round "5"]
[White "Stockmann, Till"]
[Black "Mooser, Nicolas"]
[Result "1/2-1/2"]
[Termination "normal"]
[Board "1.1"]
[WhiteElo "1965"]
[BlackElo "2148"]
[WhiteClock "00:15:56"]
[BlackClock "00:02:08"]
[WhiteTeam "Schachzwerge Magdeburg"]
[BlackTeam "FC Ergolding 1932 e.V."]
[PlyCount "178"]
[WhiteFideId "12979341"]
[BlackFideId "12979406"]
[EventCountry "GER"]
[EventRounds "7"]
[EventType "team-swiss"]
[EventDate "2021.06.23"]

{[%evp 0,150,38,18,38,38,44,24,24,45,49,49,72,93,93,61,60,60,102,52,63,64,61,
48,23,39,51,38,38,48,37,14,48,17,35,-1,63,34,31,46,24,-10,30,54,103,84,84,110,
100,81,82,69,79,72,72,24,53,72,84,89,89,92,86,97,86,89,89,89,98,89,76,82,80,77,
79,60,68,70,63,64,71,76,76,91,91,54,79,79,71,72,84,64,69,66,68,82,92,64,73,39,
105,104,106,110,134,131,159,144,143,143,164,166,166,112,114,80,122,116,101,18,
111,53,44,38,36,40,114,119,127,51,40,40,39,36,39,40,40,39,40,41,41,40,45,41,41,
41,43,41,41,40,45,43,44]} 1. e4 c5 2. Nf3 e6 3. d4 cxd4 4. Nxd4 Nc6 5. Nc3 Qc7
6. Be3 a6 7. Be2 Nf6 8. O-O Be7 9. f4 d6 10. Qe1 O-O 11. Qg3 Nxd4 12. Bxd4 b5
13. a3 Bb7 14. Kh1 Rad8 15. Rae1 Rd7 16. Bd3 Re8 17. Re3 Qd8 18. Qh3 h6 19. Rg3
Kh8 20. Be3 Bf8 21. e5 dxe5 22. fxe5 Ng8 23. Ne4 Bxe4 24. Bxe4 Rd1 25. Rgf3
Rxf1+ 26. Rxf1 Qc7 27. Qf3 Qxe5 28. Qxf7 Re7 29. Qg6 Nf6 30. Bxh6 Qxe4 31. Qxe4
Nxe4 32. Rxf8+ Kh7 33. Be3 Rc7 34. c3 Rd7 35. Rf1 Rd3 36. Re1 Nd6 37. h3 Nc4
38. Bd4 e5 39. Bxe5 Nxb2 40. Bd4 Na4 41. Re7 Nxc3 42. Bxg7 Na4 43. Bc3+ Kg6 44.
Bb4 a5 45. Bxa5 Rxa3 46. Re5 Rb3 47. h4 Nb2 48. g4 Nc4 49. Rg5+ Kh6 50. Bd8 Rd3
51. Be7 Ne3 52. Kh2 Nd5 53. Bf8+ Kh7 54. Rg7+ Kh8 55. Rb7 Kg8 56. Bc5 Nf4 57.
Bf2 Rh3+ 58. Kg1 Rb3 59. h5 Nh3+ 60. Kg2 Nf4+ 61. Kh2 Rh3+ 62. Kg1 Rb3 63. h6
Rh3 64. g5 Ne6 65. Re7 Nxg5 66. Rg7+ Kf8 67. Rxg5 Rxh6 68. Rxb5 Rg6+ 69. Kf1
Kf7 70. Ke2 Rg4 71. Kf3 Ra4 72. Rb6 Ke7 73. Bc5+ Kf7 74. Ke3 Rh4 75. Bd4 Rh3+ {
normal} 76. Ke4 Rh4+ 77. Kd5 Rh5+ 78. Be5 Rf5 79. Rb7+ Kg6 80. Rg7+ Kh5 81. Ke4
Rf8 82. Bf4 Ra8 83. Kf5 Rc8 84. Ke4 Ra8 85. Be5 Rf8 86. Bf4 Rf6 87. Rg5+ Kh4
88. Kf3 Rf8 89. Rg1 Kh5 1/2-1/2

[Event "DVM U16 2020"]
[Site "Willingen GER"]
[Date "2021.06.26"]
[Round "5"]
[White "Lohr, Maximilian"]
[Black "Heutling, Elina"]
[Result "1-0"]
[Termination "normal"]
[Board "1.2"]
[WhiteElo "2024"]
[BlackElo "1922"]
[WhiteClock "00:22:37"]
[BlackClock "00:01:32"]
[WhiteTeam "FC Ergolding 1932 e.V."]
[BlackTeam "Schachzwerge Magdeburg"]
[PlyCount "47"]
[WhiteFideId "12999717"]
[BlackFideId "16244729"]
[EventCountry "GER"]
[EventRounds "7"]
[EventType "team-swiss"]
[EventDate "2021.06.23"]

1. b3 {[%clk 1:30:57]} c5 {[%clk 1:27:18]} 2. Bb2 {[%clk 1:31:09]} Nc6 {[%clk
1:27:23]} 3. c4 {[%clk 1:30:48]} e6 {[%clk 1:23:10]} 4. Nf3 {[%clk 1:30:42]}
Nf6 {[%clk 1:22:39]} 5. e3 {[%clk 1:29:41]} d5 {[%clk 1:21:51]} 6. d4 {[%clk
1:28:32]} cxd4 {[%clk 1:11:08]} 7. exd4 {[%clk 1:23:38]} Bb4+ {[%clk 1:09:17]}
8. Nbd2 {[%clk 1:22:32]} dxc4 {[%clk 1:04:18]} 9. Bxc4 {[%clk 1:22:00]} Ne4
{[%clk 0:58:47]} 10. O-O {[%clk 1:10:22]} Nxd2 {[%clk 0:53:20]} 11. Nxd2 {[%clk
1:10:46]} Nxd4 {[%clk 0:46:30]} 12. Qg4 {[%clk 1:10:18]} O-O {[%clk 0:45:44]}
13. Nf3 {[%clk 0:42:10]} Nxf3+ {[%clk 0:30:54]} 14. Qxf3 {[%clk 0:40:54]} Qg5
{[%clk 0:24:01]} 15. Rad1 {[%clk 0:39:01]} Be7 {[%clk 0:14:05]} 16. Rfe1 {[%clk
0:28:17]} Rd8 {[%clk 0:11:20]} 17. Re4 {[%clk 0:23:13]} Rxd1+ {[%clk 0:05:02]}
18. Qxd1 {[%clk 0:22:30]} Bf6 {[%clk 0:02:28]} 19. Rg4 {[%clk 0:22:02]} Qh6
{[%clk 0:01:12]} 20. Bc1 {[%clk 0:21:45]} g5 {[%clk 0:01:35]} 21. Bxg5 {[%clk
0:21:35]} e5 {[%clk 0:00:41]} 22. Bxh6+ {[%clk 0:21:52]} Bxg4 {[%clk 0:01:07]}
23. Qxg4+ {[%clk 0:22:15]} Kh8 {[%clk 0:01:32]} 24. Qf5 {[%clk 0:22:37]} 1-0

[Event "DVM U16 2020"]
[Site "Willingen GER"]
[Date "2021.06.26"]
[Round "5"]
[White "Zeuner, Ole"]
[Black "Astner, Sebastian"]
[Result "1-0"]
[Termination "normal"]
[Board "1.3"]
[WhiteElo "1770"]
[BlackElo "1894"]
[WhiteTeam "Schachzwerge Magdeburg"]
[BlackTeam "FC Ergolding 1932 e.V."]
[PlyCount "47"]
[WhiteFideId "12943576"]
[BlackFideId "12979422"]
[EventCountry "GER"]
[EventRounds "7"]
[EventType "team-swiss"]
[EventDate "2021.06.23"]

1. e4 c6 2. d4 d5 3. exd5 cxd5 4. Bf4 Nf6 5. c3 Qb6 6. Qb3 Qxb3 7. axb3 Nc6 8.
Bd3 e6 9. h3 Be7 10. Nd2 O-O 11. Ngf3 b6 12. b4 Bb7 13. O-O Rfc8 14. Rfe1 Bf8
15. Ne5 Nxe5 16. Bxe5 a6 17. Ra2 Nd7 18. Bg3 b5 19. Nb3 Nb6 20. Na5 Bc6 21.
Nxc6 Rxc6 22. Rea1 Na4 23. Bc2 Bxb4 24. Bxa4 1-0

[Event "DVM U16 2020"]
[Site "Willingen GER"]
[Date "2021.06.26"]
[Round "5"]
[White "Sowka, Patrick"]
[Black "Morgenstern, Tobias"]
[Result "1/2-1/2"]
[Termination "normal"]
[Board "1.4"]
[WhiteElo "1616"]
[BlackElo "1971"]
[WhiteClock "00:04:56"]
[BlackClock "00:00:53"]
[WhiteTeam "FC Ergolding 1932 e.V."]
[BlackTeam "Schachzwerge Magdeburg"]
[PlyCount "64"]
[WhiteFideId "16234944"]
[BlackFideId "12974390"]
[EventCountry "GER"]
[EventRounds "7"]
[EventType "team-swiss"]
[EventDate "2021.06.23"]

1. e4 {[%clk 1:30:55]} e5 {[%clk 1:30:51]} 2. Nf3 {[%clk 1:31:14]} Nc6 {[%clk
1:31:16]} 3. Nc3 {[%clk 1:31:27]} Nf6 {[%clk 1:30:47]} 4. Be2 {[%clk 1:30:54]}
d5 {[%clk 1:25:25]} 5. exd5 {[%clk 1:29:18]} Nxd5 {[%clk 1:25:38]} 6. O-O
{[%clk 1:28:56]} Be7 {[%clk 1:21:53]} 7. d4 {[%clk 1:22:02]} exd4 {[%clk
1:06:05]} 8. Nxd4 {[%clk 1:22:10]} Nxc3 {[%clk 1:06:22]} 9. bxc3 {[%clk
1:22:06]} Ne5 {[%clk 1:05:44]} 10. Bb5+ {[%clk 1:16:31]} c6 {[%clk 1:04:09]}
11. Re1 {[%clk 1:16:11]} Ng6 {[%clk 0:56:18]} 12. Bd3 {[%clk 0:57:47]} O-O
{[%clk 0:55:30]} 13. Qh5 {[%clk 0:55:22]} Bf6 {[%clk 0:48:58]} 14. Be3 {[%clk
0:47:55]} Qd5 {[%clk 0:44:39]} 15. Qxd5 {[%clk 0:35:38]} cxd5 {[%clk 0:44:53]}
16. Rab1 {[%clk 0:35:33]} b6 {[%clk 0:34:55]} 17. a4 {[%clk 0:23:30]} Be6
{[%clk 0:27:44]} 18. c4 {[%clk 0:15:32]} Bxd4 {[%clk 0:20:35]} 19. Bxd4 {[%clk
0:14:57]} dxc4 {[%clk 0:21:01]} 20. Be4 {[%clk 0:15:08]} Rad8 {[%clk 0:21:20]}
21. Be3 {[%clk 0:15:19]} Bd5 {[%clk 0:19:27]} 22. Bxg6 {[%clk 0:13:09]} hxg6
{[%clk 0:19:37]} 23. a5 {[%clk 0:13:29]} bxa5 {[%clk 0:16:33]} 24. Ra1 {[%clk
0:13:39]} Rfe8 {[%clk 0:13:30]} 25. Rxa5 {[%clk 0:11:08]} Be4 {[%clk 0:13:15]}
26. c3 {[%clk 0:09:05]} Bd3 27. h3 {[%clk 0:06:48]} Rb8 {[%clk 0:06:23]} 28.
Rea1 {[%clk 0:06:31]} Rb3 {[%clk 0:03:46]} 29. Bd4 {[%clk 0:06:44]} Rb1+ {[%clk
0:00:39]} 30. Kh2 Rb2 {[%clk 0:00:34]} 31. Rxa7 {[%clk 0:05:29]} Bf5 {[%clk
0:00:32]} 32. g4 {[%clk 0:04:56]} Be6 {[%clk 0:00:53]} 1/2-1/2

[Event "DVM U16 2020"]
[Site "Willingen GER"]
[Date "2021.06.26"]
[Round "5"]
[White "Nguyen, Alex Dac-Vuong"]
[Black "Liebold, Aaron"]
[Result "1-0"]
[Termination "normal"]
[Board "2.1"]
[WhiteTitle "FM"]
[WhiteElo "2307"]
[BlackElo "1995"]
[WhiteClock "00:01:00"]
[BlackClock "00:00:55"]
[WhiteTeam "Schachgemeinschaft Leipzig"]
[BlackTeam "ESV Gera"]
[PlyCount "121"]
[WhiteFideId "12984388"]
[BlackFideId "12997846"]
[EventCountry "GER"]
[EventRounds "7"]
[EventType "team-swiss"]
[EventDate "2021.06.23"]

{[%evp 0,117,18,31,54,54,90,80,80,33,33,4,6,12,23,5,15,49,52,9,-11,45,50,38,57,
48,109,107,75,75,97,97,99,98,112,107,85,89,98,78,84,51,126,82,76,104,86,86,100,
100,137,135,135,129,141,104,104,105,103,105,125,131,138,119,139,141,145,124,
143,119,140,144,159,121,88,150,159,144,214,163,188,200,202,200,187,184,157,158,
149,145,117,111,166,158,197,169,197,169,238,251,237,240,221,243,247,235,242,
228,237,237,550,581,687,488,28132,29986,29993,29994,29995,29996]} 1. e4 c5 2.
Nf3 d6 3. d4 cxd4 4. Nxd4 Nf6 5. f3 e5 6. Nb3 d5 7. Bg5 d4 8. c3 Nc6 9. cxd4
Bb4+ 10. Nc3 exd4 11. a3 dxc3 12. Qxd8+ Kxd8 13. O-O-O+ Ke7 14. axb4 Be6 15.
Nc5 cxb2+ 16. Kxb2 h6 17. Be3 b6 18. Nxe6 Kxe6 19. Bc4+ Ke7 20. Bb5 Rhc8 21.
Ba6 Rd8 22. Bb7 Rxd1 23. Rxd1 Rd8 24. Ra1 Nxb4 25. Rxa7 Nd3+ 26. Kc3 Nc5 27.
Bd5+ Rd7 28. Rxd7+ Nfxd7 29. Kc4 Ne5+ 30. Kb5 Ncd7 31. f4 Nd3 32. g3 N3c5 33.
Bd4 g5 34. Kc6 f6 35. Be3 Nd3 36. fxg5 hxg5 37. h4 gxh4 38. gxh4 N3e5+ 39. Kb5
Ng4 40. Bf4 Kf8 41. Be6 Nde5 42. Kxb6 Kg7 43. Kc7 Nd3 44. Bg3 Ne3 45. Kd8 Nf1
46. Bd6 Nf2 47. Bf5 Nd2 48. Ke8 Ndxe4 49. Bf8+ Kg8 50. Be6+ Kh7 51. Bf5+ Kg8
52. Be6+ Kh7 53. Kf7 Ng3 54. Kxf6 Nfe4+ 55. Kf7 Nc3 56. Bd6 Nge4 57. Bf4 Nf6
58. Bf5+ Kh8 59. Be5 {normal} Nce4 60. Kf8 Nc3 61. Bxf6# 1-0